[Event "Titled Tuesday intern op 06th Feb Early"]
[Site "Chess.com INT"]
[Date "2024.02.06"]
[Round "11"]
[White "Tari, Aryan"]
[Black "Woodward, Andy"]
[Result "0-1"]
[WhiteElo "2635"]
[BlackElo "2501"]
[PlyCount "116"]
[EventDate "2024.02.06"]
[EventType "swiss (blitz)"]
[EventRounds "11"]
[EventCountry "USA"]
[SourceTitle "CB07_2024"]
[SourceDate "2024.02.14"]
[SourceVersion "1"]
[SourceVersionDate "2024.02.14"]
[SourceQuality "1"]

1. e4 c5 2. Nf3 d6 3. Bb5+ Nd7 4. 0-0 a6 5. Bd3 Ngf6 6. Re1 g6 7. c3 Bg7 8. Bc2 e5 9. d4 0-0 10. dxe5 Nxe5 11. Nxe5 dxe5 12. c4 Be6 13. b3 Qd4 14. Qxd4 cxd4 15. Bd3 Nd7 16. Ba3 Rfc8 17. Nd2 Bf8 18. Bxf8 Kxf8 19. b4 Nb6 20. Rec1 Na4 21. c5 a5 22. a3 Nc3 23. f3 Ke7 24. Kf2 f5 25. exf5 gxf5 26. Re1 Kf6 27. Bc4 Bxc4 28. Nxc4 e4 29. fxe4 fxe4 30. Nd6 Rf8 31. Kg3 e3 32. Rac1 axb4 33. axb4 Ra3 34. Kg4 Ke6 35. Nc4 Rg8+ 36. Kh5 Ra2 37. Nxe3 Kd7 38. Ng4 Kc6 39. Ne5+ Kd5 40. Nd7 Rgxg2 41. Nf6+ Kc4 42. Ne4 Rxh2+ 43. Kg5 Rag2+ 44. Kf6 Kd3 45. Nxc3 dxc3 46. b5 Re2 47. Rg1 Rhf2+ 48. Kg7 Re7+ 49. Kh6 Rf6+ 50. Kh5 Re5+ 51. Rg5 Rff5 52. Rxf5 Rxf5+ 53. Kh6 Rxc5 54. b6 c2 55. Kxh7 Kd2 56. Rg1 c1Q 57. Rg2+ Kc3 58. Rg6 Qh1+ 0-1

[Event "Titled Tuesday intern op 06th Feb Early"]
[Site "Chess.com INT"]
[Date "2024.02.06"]
[Round "4"]
[White "Woodward, Andy"]
[Black "Kostiukov, Alexandr"]
[Result "1-0"]
[WhiteElo "2501"]
[BlackElo "2271"]
[PlyCount "131"]
[EventDate "2024.02.06"]
[EventType "swiss (blitz)"]
[EventRounds "11"]
[EventCountry "USA"]
[SourceTitle "CB07_2024"]
[SourceDate "2024.02.14"]
[SourceVersion "1"]
[SourceVersionDate "2024.02.14"]
[SourceQuality "1"]

1. d4 g6 2. c4 Bg7 3. Nc3 d6 4. e4 e5 5. dxe5 dxe5 6. Bd3 Ne7 7. Nge2 0-0 8. 0-0 Nbc6 9. Nd5 Nd4 10. Nxd4 exd4 11. Bg5 f6 12. Bf4 Nxd5 13. cxd5 f5 14. Rc1 fxe4 15. Bxc7 Qe8 16. Bc4 d3 17. f3 Bf5 18. Qb3 e3 19. Bxd3 e2 20. Bxe2 Qxe2 21. d6+ Kh8 22. Rf2 Bd4 23. Rcf1 Bxf2+ 24. Rxf2 Qe1+ 25. Rf1 Qe5 26. Qd1 Qe3+ 27. Kh1 Bd7 28. Ba5 Kg8 29. Re1 Qf4 30. Bc3 Qf7 31. Re7 Qf5 32. Rg7+ Kh8 33. Rxd7+ Kg8 34. Qb3+ Rf7 35. Re7 Qb1+ 36. Re1 Qf5 37. Qc4 Rd8 38. Qd4 Rf6 39. Qxf6 Qxf6 40. Bxf6 Rxd6 41. Bc3 b6 42. h3 h5 43. Kh2 a5 44. Re7 Kf8 45. Rb7 Ke8 46. b4 axb4 47. Bxb4 Re6 48. a3 Kd8 49. g4 hxg4 50. hxg4 Kc8 51. Re7 Rc6 52. Kg3 Kd8 53. Re4 Kd7 54. f4 Rc2 55. f5 gxf5 56. gxf5 Rc1 57. Kf4 Rg1 58. Ke5 Rg8 59. Rd4+ Kc6 60. Rd6+ Kb5 61. f6 Kc4 62. Ke6 Re8+ 63. Kd7 Re3 64. f7 Rf3 65. Rc6+ Kb5 66. f8Q 1-0

[Event "Titled Tuesday intern op 06th Feb Late"]
[Site "Chess.com INT"]
[Date "2024.02.06"]
[Round "6"]
[White "Woodward, Andy"]
[Black "Kuzubov, Yuriy"]
[Result "1-0"]
[WhiteElo "2501"]
[BlackElo "2605"]
[PlyCount "63"]
[EventDate "2024.02.06"]
[EventType "swiss (blitz)"]
[EventRounds "11"]
[EventCountry "USA"]
[SourceTitle "CB07_2024"]
[SourceDate "2024.02.14"]
[SourceVersion "1"]
[SourceVersionDate "2024.02.14"]
[SourceQuality "1"]

1. d4 g6 2. e4 Bg7 3. Nc3 d6 4. Be3 Nc6 5. Qd2 e5 6. dxe5 dxe5 7. Qxd8+ Nxd8 8. Nb5 Ne6 9. Bc4 a6 10. Nc3 Nf6 11. f3 b5 12. Bb3 Bb7 13. Bxe6 fxe6 14. Nge2 Nd7 15. Nc1 c5 16. Nb3 Rc8 17. 0-0-0 Bf8 18. Rd2 Be7 19. Rhd1 Bc6 20. Na5 Nb8 21. Ne2 Ba8 22. c3 Kf7 23. Kc2 Rhe8 24. Nc1 Nc6 25. Nxc6 Bxc6 26. Nd3 Ba8 27. Nxe5+ Kg8 28. Rd7 Bf6 29. Ng4 Bg7 30. Bh6 Bh8 31. Bg5 Rf8 32. Nh6# 1-0

[Event "Jeddah YM 1st"]
[Site "Jeddah"]
[Date "2024.01.26"]
[Round "4"]
[White "Pranav, V."]
[Black "Woodward, Andy"]
[Result "0-1"]
[WhiteElo "2611"]
[BlackElo "2501"]
[PlyCount "74"]
[EventDate "2024.01.24"]
[EventType "tourn"]
[EventRounds "9"]
[EventCountry "SAU"]
[EventCategory "10"]
[SourceTitle "CB06_2024"]
[SourceDate "2024.02.07"]
[SourceVersion "1"]
[SourceVersionDate "2024.02.07"]
[SourceQuality "1"]

1. e4 c5 2. Nf3 d6 3. d4 cxd4 4. Nxd4 Nf6 5. Nc3 a6 6. Bc4 e6 7. a4 Bd7 8. 0-0 Nc6 9. Be3 Rc8 10. Qe2 Qc7 11. Ba2 Be7 12. f4 0-0 13. Kh1 Nxd4 14. Bxd4 e5 15. Be3 Be6 16. Bb3 Bc4 17. Bxc4 Qxc4 18. Qf3 d5 19. fxe5 Nxe4 20. Ne2 Bc5 21. c3 Rce8 22. b3 Qxb3 23. Bxc5 Nxc5 24. Nd4 Qc4 25. Nf5 Ne4 26. Rab1 Rxe5 27. Qf4 Re6 28. Rxb7 Rf6 29. Rf3 g6 30. Rb4 Qa2 31. Ne7+ Kg7 32. Qc1 Nf2+ 33. Kg1 Nd3 34. Qd1 Rxf3 35. gxf3 Qf2+ 36. Kh1 Nxb4 37. cxb4 Re8 0-1

[Event "Chesterfield SPICE Cup op"]
[Site "Chesterfield"]
[Date "2023.12.21"]
[Round "8"]
[White "Rorrer, Grayson"]
[Black "Woodward, Andy"]
[Result "1/2-1/2"]
[WhiteElo "2361"]
[BlackElo "2481"]
[PlyCount "57"]
[EventDate "2023.12.17"]
[EventType "swiss"]
[EventRounds "9"]
[EventCountry "USA"]
[SourceTitle "CB52_2023"]
[SourceDate "2023.12.27"]
[SourceVersion "1"]
[SourceVersionDate "2023.12.27"]
[SourceQuality "1"]

1. d4 Nf6 2. c4 g6 3. Nc3 d5 4. Nf3 Bg7 5. Bg5 Ne4 6. Bf4 Nxc3 7. bxc3 c5 8. e3 0-0 9. cxd5 Qxd5 10. Be2 cxd4 11. cxd4 Qa5+ 12. Qd2 Nc6 13. Qxa5 Nxa5 14. 0-0 Be6 15. Rfc1 Rfc8 16. Kf1 Bd5 17. Nd2 Rxc1+ 18. Rxc1 Nc6 19. Bc4 Rd8 20. Rb1 e5 21. dxe5 Bxe5 22. Bxe5 Nxe5 23. Bxd5 Rxd5 24. Ne4 Ra5 25. Rxb7 Rxa2 26. Re7 Ra1+ 27. Ke2 Ra2+ 28. Kf1 Ra1+ 29. Ke2 1/2-1/2

[Event "Sunnyvale Silicon Valley Fall op"]
[Site "Sunnyvale"]
[Date "2023.09.03"]
[Round "7"]
[White "Stearman, Josiah P"]
[Black "Woodward, Andy"]
[Result "1-0"]
[WhiteElo "2468"]
[BlackElo "2480"]
[PlyCount "55"]
[EventDate "2023.08.31"]
[EventType "swiss"]
[EventRounds "9"]
[EventCountry "USA"]
[SourceTitle "EXT 2024"]
[Source "ChessBase"]
[SourceDate "2023.10.10"]
[SourceVersion "1"]
[SourceVersionDate "2023.10.10"]
[SourceQuality "1"]

1. e4 c5 2. Nf3 d6 3. d4 cxd4 4. Nxd4 Nf6 5. Nc3 a6 6. Bg5 Nbd7 7. Bc4 Qb6 8. Bb3 e6 9. Qd2 Be7 10. 0-0-0 Nc5 11. f3 Qc7 12. g4 b5 13. a3 Rb8 14. Kb1 Bd7 15. Be3 a5 16. Qe2 Qb7 17. e5 a4 18. exf6 Bxf6 19. Nf5 0-0 20. Nxd6 Qc7 21. Bxc5 Bxc3 22. Ne4 b4 23. Bxf8 axb3 24. Bd6 bxa3 25. Bxc7 a2+ 26. Ka1 Bxb2+ 27. Kxb2 bxc2+ 28. Bxb8 1-0

[Event "Sunnyvale Silicon Valley Fall op"]
[Site "Sunnyvale"]
[Date "2023.09.01"]
[Round "3"]
[White "Antipov, Mikhail Al"]
[Black "Woodward, Andy"]
[Result "1/2-1/2"]
[WhiteElo "2600"]
[BlackElo "2480"]
[PlyCount "76"]
[EventDate "2023.08.31"]
[EventType "swiss"]
[EventRounds "9"]
[EventCountry "USA"]
[SourceTitle "EXT 2024"]
[Source "ChessBase"]
[SourceDate "2023.10.10"]
[SourceVersion "1"]
[SourceVersionDate "2023.10.10"]
[SourceQuality "1"]

1. d4 Nf6 2. c4 g6 3. Nc3 d5 4. Bg5 Ne4 5. Bf4 Nxc3 6. bxc3 Bg7 7. e3 0-0 8. Nf3 c5 9. cxd5 Qxd5 10. Be2 cxd4 11. cxd4 Qa5+ 12. Qd2 Qxd2+ 13. Kxd2 Nc6 14. Rhc1 Rd8 15. Rc5 Bf5 16. Rac1 e5 17. Nxe5 Nxe5 18. Bxe5 b6 19. Bxg7 bxc5 20. Bf6 cxd4 21. Bxd8 Rxd8 22. Rc7 a5 23. Bc4 dxe3+ 24. Kxe3 Re8+ 25. Kf4 Be6 26. Bb5 Rd8 27. a4 Bb3 28. Ke3 Kg7 29. f4 h5 30. g3 Rd1 31. Ra7 Rd5 32. h4 Kh6 33. Ke4 Rf5 34. Kd4 Kg7 35. Bd7 Rd5+ 36. Kc3 Ba2 37. Bb5 Rd1 38. Rxa5 Rg1 1/2-1/2